000
00336 a2200157 4500
001
170597
020
_a
040
_c
Magnum
100
_a
Martho, Gilberto
240
1
0
_a
A evolucao dos seres vivos
_l
por
245
1
0
_a
A evolucao dos seres vivos
362
0
_a
1899
440
1
_a
Scipione
697
_a
PARADIDATICOS
942
_c
BK
999
_c
170597
_d
170597